Statistics for Can You Name all Winners and Losers of US Presidential Elections

Click here to take the quiz!

General Stats

  • This quiz has been taken 89 times
  • The average score is 94 of 118

Answer Stats

YearWinner% Correct
2008 | 2012Barack Obama
100%
Donald Trump
100%
George H. W. Bush
100%
2000 | 2004George W. Bush
100%
2020Joe Biden
100%
1980 | 1984Ronald Reagan
100%
1992 | 1996Bill Clinton
99%
1932 | 1936 | 1940 | 1944Franklin D. Roosevelt
99%
Hillary Clinton
99%
1960John F. Kennedy
99%
1968 | 1972Richard Nixon
99%
1952 | 1956Dwight D. Eisenhower
97%
1964Lyndon B. Johnson
97%
1924Calvin Coolidge
96%
DeWitt Clinton
96%
1788 | 1792George Washington
96%
Gerald Ford
96%
Jimmy Carter
96%
Theodore Roosevelt
96%
1948Harry S. Truman
94%
Herbert Hoover
94%
John Adams
94%
John Quincy Adams
94%
1912 | 1916Woodrow Wilson
94%
1800 | 1804Thomas Jefferson
93%
Al Gore
91%
1828 | 1832Andrew Jackson
91%
Martin Van Buren
91%
1908William Howard Taft
91%
1860 | 1864Abraham Lincoln
90%
Benjamin Harrison
90%
1840William Henry Harrison
90%
1808 | 1812James Madison
88%
1816 | 1820James Monroe
88%
1896 | 1900William McKinley
88%
1884 | 1892Grover Cleveland
87%
1844James K. Polk
87%
1868 | 1872Ulysses S. Grant
87%
1848Zachary Taylor
87%
1880James A. Garfield
86%
1920Warren G. Harding
86%
1856James Buchanan
84%
John McCain
84%
Mitt Romney
84%
1876Rutherford B. Hayes
84%
1852Franklin Pierce
83%
John Kerry
80%
Walter Mondale
77%
Bob Dole
74%
Hubert Humphrey
70%
Michael Dukakis
70%
Thomas E. Dewey
70%
George McGovern
65%
Barry Goldwater
64%
William Jennings Bryan
62%
Adlai Stevenson II
61%
Al Smith
58%
George B. McClellan
51%
Alf Landon
48%
Henry Clay
48%
Samuel J. Tilden
48%
John C. Breckinridge
46%
Wendell Willkie
46%
John C. Frémont
36%
Charles Pinckney
35%
Winfield Scott
35%
James G. Blaine
32%
John W. Davis
32%
Charles Evans Hughes
30%
James M. Cox
30%
Winfield Scott Hancock
29%
Alton B. Parker
28%
Rufus King
28%
Horatio Seymour
26%
Lewis Cass
23%
Thomas A. Hendricks
19%

Score Distribution

Percentile by Number Answered

Percent of People with Each Score

Your Score History

You have not taken this quiz